Few torn pages from India's freedom struggle/ (Record no. 194514)

MARC details
000 -LEADER
fixed length control field 00598nam a22001817a 4500
005 - DATE AND TIME OF LATEST TRANSACTION
control field 20221227130402.0
010 ## - LCCN (DPL NO)
LC control number ENG-135950
020 ## - INTERNATIONAL STANDARD BOOK NUMBER
International Standard Book Number 9789390961382
Terms of availability 395.00
035 ## - SYSTEM CONTROL NUMBER
System control number EN-1194581
037 ## - SOURCE OF ACQUISITION
Source of stock number/acquisition DBAD/PUB
082 ## - DEWEY DECIMAL CLASSIFICATION NUMBER
Classification number S
100 ## - MAIN ENTRY--PERSONAL NAME
Personal name Adhicary, Subir
245 ## - TITLE STATEMENT
Title Few torn pages from India's freedom struggle/
Statement of responsibility, etc by Subir Adhicary
260 ## - PUBLICATION, DISTRIBUTION, ETC. (IMPRINT)
Place of publication, distribution, etc New Delhi
Name of publisher, distributor, etc Vitasta Publishing Pvt Ltd
Date of publication, distribution, etc 2023
270 ## - ADDRESS
Address 2/15, Ansari Road, Daryaganj
City New Delhi
Postal code 110002
Electronic mail address info@vitastapublishing.com
300 ## - PHYSICAL DESCRIPTION
Extent xi, 145p.
Other physical details Epilogue, Picture Gallery, References
Dimensions 20cm(pbk)
942 ## - ADDED ENTRY ELEMENTS (KOHA)
Source of classification or shelving scheme Dewey Decimal Classification
Item type English Books
Call number suffix ADH
Classification part S
Holdings
Withdrawn status Lost status Not for loan Collection code Home library Current library Date acquired Source of acquisition Cost, normal purchase price Full call number Barcode Copy number Cost, replacement price Koha item type
      Fiction Shahdara Branch Shahdara Branch 27/12/2022 DBAD/PUB 395.00 S ADH EN-119481 1 395.00 English Books

© Delhi Public Library
Hit Counter
free hit counter